| 000 | 00484nam a22001217a 4500 | ||
|---|---|---|---|
| 005 | 20260629140643.0 | ||
| 100 |
_aDilshad Ahmed Zardari _a21-MEEE-03 _aSupervisor - Prof.Dr. Abdul Qayoom Jakhrani _91043 |
||
| 245 | _aInvestigating Permeability Response of Municipal Solid Waste Clay Composite as Foundation Material for Single Story Building (Thesis ME) | ||
| 260 |
_aNawabshah _bQUEST _c2024 |
||
| 300 | _a80p. | ||
| 700 |
_aDepartment of Environment Engineering _91039 |
||
| 942 | _cTHESIS | ||
| 999 |
_c69098 _d69095 |
||